[Event "HUN-chT2 Erkel 0203"]
[Site "Hungary"]
[Date "2003.03.23"]
[Round "9"]
[White "Starosta, Janos"]
[Black "Vass, Viktor"]
[Result "1/2-1/2"]
[WhiteElo "2188"]
[BlackElo "2238"]
[PlyCount "89"]
[EventDate "2002.09.22"]
[EventType "team"]
[EventRounds "11"]
[EventCountry "HUN"]
[SourceTitle "EXT 2009"]
[Source "ChessBase"]
[SourceDate "2008.11.26"]
[SourceVersion "1"]
[SourceVersionDate "2008.11.26"]
[SourceQuality "1"]

1. c4 e5 2. Nc3 Bb4 3. Nf3 Nc6 4. g3 Bxc3 5. dxc3 Nge7 6. Bg2 0-0 7. 0-0 d6 8. h3 h6 9. Kh2 Be6 10. b3 Qd7 11. e4 a5 12. a4 Rad8 13. Ra2 Qc8 14. Qe2 Nb8 15. b4 axb4 16. cxb4 Nbc6 17. Bd2 f5 18. exf5 Nxf5 19. Bc3 e4 20. Nd2 d5 21. b5 Ncd4 22. Bxd4 Nxd4 23. Qe3 Nf5 24. Qc5 b6 25. Qb4 e3 26. fxe3 Nxe3 27. Rxf8+ Rxf8 28. Bf3 Nf1+ 29. Nxf1 Rxf3 30. Qe1 dxc4 31. Re2 Bd7 32. Nd2 Rf8 33. Nxc4 Bxh3 34. Rf2 Rxf2+ 35. Qxf2 Be6 36. Qd4 Qe8 37. Ne3 Qh5+ 38. Kg1 Qg5 39. Kf2 Kf7 40. Kg2 Qf6 41. Qd2 Qe5 42. Kf2 Ke8 43. Qc2 Qf6+ 44. Kg2 Kd8 45. Qe4 1/2-1/2

[Event "HUN-chT2 0102"]
[Site "Hungary"]
[Date "2002.04.07"]
[Round "10"]
[White "Starosta, Janos"]
[Black "Szatmary, Revay Jozsef"]
[Result "1-0"]
[WhiteElo "2192"]
[BlackElo "2189"]
[PlyCount "131"]
[EventDate "2001.??.??"]
[EventType "team"]
[EventRounds "11"]
[EventCountry "HUN"]
[SourceTitle "EXT 2004"]
[Source "ChessBase"]
[SourceDate "2003.11.25"]
[SourceVersion "1"]
[SourceVersionDate "2003.11.25"]
[SourceQuality "1"]

1. d4 d5 2. c4 c6 3. Nc3 Nf6 4. Nf3 e6 5. e3 Nbd7 6. Bd3 Bd6 7. 0-0 0-0 8. Qe2 dxc4 9. Bxc4 e5 10. Rd1 Qe7 11. h3 Nb6 12. dxe5 Bxe5 13. Nxe5 Qxe5 14. Bb3 Ne4 15. Bd2 Nxd2 16. Rxd2 Qe7 17. Rad1 Be6 18. Bxe6 Qxe6 19. Rd4 Qe7 20. Qd3 Rab8 21. a4 a5 22. Qf5 Ra8 23. Re4 Qc7 24. Qc5 Rfd8 25. Red4 Rxd4 26. Rxd4 g6 27. Qg5 f5 28. Qf6 Rf8 29. Qe6+ Qf7 30. Qe5 Nc4 31. Qc5 Nxb2 32. Qxa5 Qb3 33. Qb4 Qxb4 34. Rxb4 Nd3 35. Rxb7 Ra8 36. Kf1 Nc5 37. Rb6 Nxa4 38. Nxa4 Rxa4 39. Rxc6 Ra2 40. g3 Rb2 41. Kg2 Ra2 42. Kf3 Ra7 43. g4 fxg4+ 44. hxg4 Kg7 45. g5 h6 46. gxh6+ Kxh6 47. Kg4 Re7 48. Rc4 Re6 49. e4 Ra6 50. e5 Re6 51. f4 g5 52. Kf5 Rg6 53. e6 gxf4 54. Rxf4 Kg7 55. Ke5 Rg5+ 56. Kd6 Rg1 57. Kd7 Rd1+ 58. Ke7 Ra1 59. Rg4+ Kh7 60. Kf7 Rf1+ 61. Ke8 Rd1 62. e7 Ra1 63. Kf7 Rf1+ 64. Ke6 Re1+ 65. Kd6 Re2 66. Rg5 1-0

[Event "HUN-chT2 0102"]
[Site "Hungary"]
[Date "2001.12.02"]
[Round "4"]
[White "Duzs, Jozsef"]
[Black "Starosta, Janos"]
[Result "1/2-1/2"]
[WhiteElo "2104"]
[BlackElo "2192"]
[PlyCount "81"]
[EventDate "2001.??.??"]
[EventType "team"]
[EventRounds "11"]
[EventCountry "HUN"]
[SourceTitle "EXT 2004"]
[Source "ChessBase"]
[SourceDate "2003.11.25"]
[SourceVersion "1"]
[SourceVersionDate "2003.11.25"]
[SourceQuality "1"]

1. d4 Nf6 2. Nf3 g6 3. c4 Bg7 4. Nc3 0-0 5. g3 d6 6. Bg2 Nc6 7. 0-0 a6 8. b3 Rb8 9. Bg5 h6 10. Bd2 Nd7 11. e3 e5 12. d5 Ne7 13. e4 f5 14. Rc1 Nc5 15. Ne1 b6 16. b4 Nd7 17. Nd3 Nf6 18. f4 exf4 19. Nxf4 Ng4 20. Nce2 Qe8 21. Nd3 Bd7 22. h3 Nf6 23. e5 dxe5 24. Nxe5 Ba4 25. Qe1 Ne4 26. Bxe4 fxe4 27. Rxf8+ Qxf8 28. Ng4 Bd7 29. Qf1 Nf5 30. Qf4 Qd6 31. Qxd6 cxd6 32. Bf4 g5 33. Bd2 h5 34. Ne3 Nd4 35. Nxd4 Bxd4 36. Kg2 Rc8 37. Nd1 Bf6 38. Be3 Bd8 39. Nf2 Bf5 40. Nd1 Kf7 41. Bd4 1/2-1/2

[Event "HUN-chT2 Maroczy 0001"]
[Site "Hungary"]
[Date "2001.03.04"]
[Round "8"]
[White "Starosta, Janos"]
[Black "Telek, Gabor"]
[Result "1/2-1/2"]
[WhiteElo "2215"]
[BlackElo "1928"]
[PlyCount "132"]
[EventDate "2000.11.26"]
[EventType "team"]
[EventRounds "11"]
[EventCountry "HUN"]
[SourceTitle "EXT 2007"]
[Source "ChessBase"]
[SourceDate "2006.11.23"]
[SourceVersion "1"]
[SourceVersionDate "2006.11.23"]
[SourceQuality "1"]
[WhiteTeam "Foti"]
[BlackTeam "Ujszasz"]
[WhiteTeamCountry "HUN"]
[BlackTeamCountry "HUN"]

1. d4 g6 2. Nf3 Bg7 3. g3 d6 4. Bg2 Nf6 5. 0-0 0-0 6. c4 c6 7. Nc3 d5 8. cxd5 cxd5 9. Bf4 Nc6 10. Rc1 Nh5 11. Bg5 h6 12. Be3 Be6 13. Na4 Bd7 14. Nc5 b6 15. Nxd7 Qxd7 16. Qa4 Rac8 17. Rfd1 Rc7 18. Qb3 Rfc8 19. Qd3 Nb4 20. Rxc7 Rxc7 21. Qd2 a5 22. a3 Rc2 23. Qe1 Na6 24. Ne5 Qb5 25. Nd3 e6 26. Rb1 Kh7 27. Qd1 Rc8 28. Bf1 Qd7 29. g4 Nf6 30. Ne5 Qb7 31. f3 Ne8 32. Bf2 f6 33. Nd3 Nd6 34. Nf4 Qf7 35. e3 Nb8 36. Bd3 f5 37. h4 Nd7 38. h5 Nf8 39. Kg2 Kh8 40. hxg6 Nxg6 41. Nh5 e5 42. Nxg7 Kxg7 43. dxe5 Nxe5 44. Bg3 Nec4 45. Bf4 fxg4 46. fxg4 Re8 47. Bxc4 Nxc4 48. Qd4+ Qf6 49. Bxh6+ Kg6 50. Qxf6+ Kxf6 51. Re1 Nxb2 52. Kf3 Nc4 53. Rd1 Ke6 54. Bf4 b5 55. Rd3 b4 56. axb4 axb4 57. Kg3 Na5 58. Bc7 Nc6 59. g5 Re7 60. Bf4 Rb7 61. e4 d4 62. Bc1 b3 63. Bb2 Rb4 64. Kf4 Rb7 65. g6 Ne5 66. Rxd4 Nxg6+ 1/2-1/2

[Event "HUN-chT2 Maroczy 0001"]
[Site "Hungary"]
[Date "2001.01.21"]
[Round "5"]
[White "Starosta, Janos"]
[Black "Zila, Laszlo"]
[Result "1/2-1/2"]
[WhiteElo "2215"]
[BlackElo "2255"]
[PlyCount "89"]
[EventDate "2000.11.26"]
[EventType "team"]
[EventRounds "11"]
[EventCountry "HUN"]
[SourceTitle "EXT 2007"]
[Source "ChessBase"]
[SourceDate "2006.11.23"]
[SourceVersion "1"]
[SourceVersionDate "2006.11.23"]
[SourceQuality "1"]
[WhiteTeam "Foti"]
[BlackTeam "Budapest Matador"]
[WhiteTeamCountry "HUN"]
[BlackTeamCountry "HUN"]

1. d4 Nf6 2. c4 g6 3. Nc3 Bg7 4. e4 0-0 5. f4 d6 6. Nf3 c5 7. d5 e6 8. Be2 exd5 9. cxd5 Bg4 10. 0-0 Re8 11. e5 Bxf3 12. Bxf3 dxe5 13. fxe5 Rxe5 14. Bf4 Re8 15. Qd2 Nbd7 16. d6 Qb6 17. Kh1 Ne5 18. Be2 Rad8 19. Rad1 Re6 20. Bxe5 Rxe5 21. Bc4 Qb4 22. b3 a6 23. a4 Rd7 24. Qd3 Qa5 25. h3 Qd8 26. Rf2 Qe8 27. Qf1 Qd8 28. Nd5 Nxd5 29. Bxd5 Rxd6 30. Bxf7+ Kh8 31. Rxd6 Qxd6 32. Bc4 Qe7 33. Rf7 Qe8 34. Qf3 Re1+ 35. Bf1 Re7 36. Rf4 Kg8 37. Qd5+ Kh8 38. Qxc5 Be5 39. Rf3 Kg7 40. Bc4 Bf6 41. Qb6 Re1+ 42. Kh2 Qe7 43. Qf2 Qe5+ 44. g3 Rb1 45. Qg2 1/2-1/2

[Event "HUN-chT2 Maroczy 0001"]
[Site "Hungary"]
[Date "2000.12.03"]
[Round "2"]
[White "Starosta, Janos"]
[Black "Herpai, Jozsef"]
[Result "0-1"]
[WhiteElo "2215"]
[BlackElo "2226"]
[PlyCount "80"]
[EventDate "2000.11.26"]
[EventType "team"]
[EventRounds "11"]
[EventCountry "HUN"]
[SourceTitle "EXT 2007"]
[Source "ChessBase"]
[SourceDate "2006.11.23"]
[SourceVersion "1"]
[SourceVersionDate "2006.11.23"]
[SourceQuality "1"]
[WhiteTeam "Foti"]
[BlackTeam "Szeged Portal"]
[WhiteTeamCountry "HUN"]
[BlackTeamCountry "HUN"]

1. d4 Nf6 2. c4 e6 3. a3 b6 4. Nf3 Bb7 5. Nc3 Be7 6. e3 0-0 7. Be2 d5 8. cxd5 Nxd5 9. Qc2 c5 10. 0-0 cxd4 11. exd4 Nd7 12. Nxd5 Bxd5 13. Bf4 Nf6 14. Rac1 Be4 15. Qa4 Nd5 16. Bg3 Bg5 17. Nxg5 Qxg5 18. Ba6 Nf4 19. f3 Bd5 20. Rce1 Ng6 21. Qd1 h5 22. Qc1 Qf6 23. Qe3 h4 24. Bc7 Qe7 25. Rc1 h3 26. g3 Qd7 27. Bd3 Rac8 28. Be5 Rxc1 29. Rxc1 Rc8 30. Rxc8+ Qxc8 31. Bf1 Qc2 32. Qe2 Qf5 33. Kf2 Nxe5 34. Qxe5 Qxf3+ 35. Ke1 Qh1 36. Qe2 Bg2 37. Qc4 Bxf1 38. Qxf1 Qxh2 39. Qf2 Qh1+ 40. Qf1 Qe4+ 0-1

[Event "Gyor Matrai Nyar op"]
[Site "Gyor"]
[Date "1997.??.??"]
[Round "7"]
[White "Kovacs, Tamas"]
[Black "Starosta, Janos"]
[Result "0-1"]
[WhiteElo "2160"]
[BlackElo "2215"]
[PlyCount "52"]
[EventDate "1997.??.??"]
[EventType "swiss"]
[EventRounds "9"]
[EventCountry "HUN"]
[SourceTitle "EXT 2001"]
[Source "ChessBase"]
[SourceDate "2000.11.22"]
[SourceVersion "1"]
[SourceVersionDate "2000.11.22"]
[SourceQuality "1"]

1. e4 e6 2. d4 d5 3. Nc3 Bb4 4. e5 c5 5. a3 Bxc3+ 6. bxc3 Nc6 7. Qg4 Nge7 8. Bb5 Bd7 9. Bxc6 Bxc6 10. Ne2 Qc7 11. 0-0 0-0-0 12. Qxg7 Nf5 13. Qg5 Rhg8 14. Qh5 Bb5 15. Bb2 Rg6 16. Rfe1 Bxe2 17. Qxe2 Rdg8 18. g3 Qb6 19. Rab1 a6 20. Ba1 Qa5 21. dxc5 Qxc5 22. Rb3 Nxg3 23. hxg3 Rxg3+ 24. Kh2 Rg2+ 25. Kh3 R2g6 26. Qh5 Qxf2 0-1

[Event "Gyongyos op"]
[Site "Gyongyos"]
[Date "1996.??.??"]
[Round "?"]
[White "Gyurkovics, Miklos"]
[Black "Starosta, Janos"]
[Result "1-0"]
[WhiteElo "2225"]
[BlackElo "2215"]
[PlyCount "137"]
[EventDate "1996.07.??"]
[EventType "swiss"]
[EventRounds "9"]
[EventCountry "HUN"]
[SourceTitle "EXT 2004"]
[Source "ChessBase"]
[SourceDate "2003.11.25"]
[SourceVersion "1"]
[SourceVersionDate "2003.11.25"]
[SourceQuality "1"]

1. c4 Nf6 2. Nc3 g6 3. e4 d6 4. d4 Bg7 5. h3 0-0 6. Be3 e5 7. d5 a5 8. Be2 Na6 9. Nf3 Ne8 10. Nd2 f5 11. f3 f4 12. Bf2 Bf6 13. h4 Ng7 14. b3 Nh5 15. Nf1 Rf7 16. Qd2 Bd7 17. Nb5 b6 18. 0-0-0 Be8 19. Kb1 Nc5 20. Qe1 Bg7 21. Rd2 Qf6 22. Bd1 Bh6 23. Nh2 Qd8 24. Ng4 Bg7 25. Bc2 Bd7 26. Nh2 Kh8 27. a3 Bh6 28. Re2 Nb7 29. Nf1 Bg7 30. Rd2 Nc5 31. Qd1 Na6 32. Be1 Qe8 33. Qe2 Bh6 34. Rd1 Bf8 35. Bd3 Qd8 36. b4 axb4 37. axb4 Bxb5 38. cxb5 Nb8 39. Kb2 Nd7 40. Bc4 Bg7 41. Bb3 Rf8 42. Bf2 Qb8 43. Nd2 Bf6 44. Qc4 Qd8 45. Qc6 Ra7 46. Ra1 Nb8 47. Rxa7 Nxc6 48. dxc6 Ng3 49. Rd1 Ne2 50. Nb1 Nd4 51. Nc3 Bxh4 52. Bg1 Qg5 53. g4 Nxf3 54. Nd5 Qxg4 55. Nxc7 Nd4 56. Rxd4 exd4 57. Bxd4+ Bf6 58. Bxf6+ Rxf6 59. Ra8+ Kg7 60. Ne8+ Kh6 61. Nxf6 Qg1 62. Nd5 f3 63. Ra1 Qd4+ 64. Ka2 f2 65. Rh1+ Kg5 66. c7 Qxe4 67. c8Q Qxh1 68. Qd8+ Kh5 69. Nf6+ 1-0

[Event "HUN-chT"]
[Site "Hungary"]
[Date "1991.??.??"]
[Round "?"]
[White "Krizsany, Laszlo"]
[Black "Starosta, Janos"]
[Result "1-0"]
[WhiteElo "2335"]
[BlackElo "2240"]
[PlyCount "97"]
[EventDate "1991.??.??"]
[EventType "team"]
[EventRounds "9"]
[EventCountry "HUN"]
[SourceTitle "TD"]
[Source "ChessBase"]
[SourceDate "1994.03.01"]
[SourceVersion "1"]
[SourceVersionDate "1994.03.01"]
[SourceQuality "1"]

1. d4 Nf6 2. c4 g6 3. Nc3 Bg7 4. e4 d6 5. Be2 0-0 6. Bg5 h6 7. Be3 e5 8. d5 Nbd7 9. Qd2 Kh7 10. g4 Nc5 11. f3 a5 12. 0-0-0 Ne8 13. h4 Bd7 14. h5 g5 15. Nh3 f6 16. Nf2 b6 17. Qc2 Kh8 18. Kd2 Rg8 19. Ke1 Bf8 20. Kf1 Be7 21. Kg2 Ng7 22. b3 c6 23. a3 cxd5 24. cxd5 Rc8 25. Qb2 Qc7 26. Rc1 Qb8 27. b4 axb4 28. axb4 Nb7 29. Bxb6 Bd8 30. Be3 Na5 31. Na2 Bb6 32. Bxb6 Qxb6 33. Qa3 Nb7 34. Qa6 Qxa6 35. Bxa6 Ra8 36. Bxb7 Rxa2 37. Bc6 Rd8 38. b5 f5 39. exf5 Bxf5 40. gxf5 Nxf5 41. b6 Rf8 42. Bd7 Ne3+ 43. Kg3 Nxd5 44. b7 Rb2 45. Rb1 Rxb1 46. Rxb1 Rb8 47. Ne4 Kg7 48. Nxd6 Kf6 49. Bc8 1-0